| 000 | 00439nam a2200169Ia 4500 | ||
|---|---|---|---|
| 003 | GCL | ||
| 008 | 140319s9999 xx 000 0 eng d | ||
| 040 |
_aGCL / _cGCL |
||
| 082 | 0 | 4 |
_a709.04063 _bP H |
| 100 | 1 | _aPASSERON, RENE | |
| 245 | 1 | 0 |
_aHISTOIRE DE LA PEINTURE SURREALISTE / _cPASSERON, RENE |
| 260 |
_a[S.N] : _bLE LIVRE DE POCHE ، _c1968 |
||
| 300 | _a380 P | ||
| 650 | 0 | 4 | _aSURRIALISM |
| 650 | 0 | 4 | _aMODERN ART |
| 942 |
_2ddc _cBK |
||
| 999 |
_c11070 _d11070 |
||